Významná kolónia chavkošov nočných (Nycticorax nycticorax) na južnom Slovensku

Bibliographic Details
Main Author: Varga, Juraj, 1934-2009 (Author)
Format: Article
Language:Slovak
PhysicalDescription:Obr. 3.
Subjects:

MARC

LEADER 00000nab a2200000 a 4500
001 vtls000073251
003 SK-MaSNL
005 20260304062311.0
008 250422c1980 xo 0 slo
015 |a SNBRB19rr/mm-uuuuu 
035 |a CL0083352 
035 |a (urnnbn)urn:nbn:sk:snk:ar-a07pbd 
035 |a (uuid)8087c42d-033f-49be-aaa4-be9369c28ec0 
035 |a urn:nbn:sk:snk-ab8asv 
040 |a SNKBUCL  |b slo  |c SNKBUCL  |e AACR2 
041 0 |a slo 
044 |a xo  |c SK 
080 |a 598.2/.9  |2 1981 
080 |a 502  |2 1981 
100 1 |a Varga, Juraj,  |d 1934-2009  |4 aut  |9 135456 
245 1 0 |a Významná kolónia chavkošov nočných (Nycticorax nycticorax) na južnom Slovensku  |c Juraj Varga 
300 |b Obr. 3. 
650 0 7 |a chavkoše nočné  |2 snkbucl  |9 1347516 
650 0 7 |a Nycticorax nycticorax  |2 snkbucl  |9 1347517 
655 7 |a články z novín a časopisov  |2 snkbucl  |9 267496 
773 0 |t Pamiatky príroda  |g Č. 6 (1980), s. 23 
850 |a Slovenská národná knižnica 
852 |a Slovenská národná knižnica 
954 |a odborná, vedecká literatúra pôvodná (slovenská)  |2 lita 
958 |a article9 
958 |a OND 
958 |a RK 
958 |a EUIPO 
992 |a RBX 
999 |c 2737413  |d 2739343